| 000 | 00925cab a2200277 4500 | ||
|---|---|---|---|
| 001 | ABS58913 | ||
| 008 | 090401t1998 xxu||||| |||| 00| 0 eng d | ||
| 035 | _a(Sirsi) u86944 | ||
| 041 | _aeng | ||
| 100 | _aCundell, I. | ||
| 245 | _aRaising the rent | ||
| 260 | _c1998 | ||
| 350 | _a0 | ||
| 490 |
_aProperty Week _v63(9) 12 June 1998, 30-31(2) |
||
| 520 | _aConsiders the increasing level of rent review workload and their increased complexity, including issues such as timing on triggering rent reviews and calculation of net effective rents. Discusses the current shortage of experienced rent review surveyors. | ||
| 650 | _aARBITRATORS | ||
| 650 | _aDISCOUNTED CASH FLOW | ||
| 650 | _aEXPERT | ||
| 650 | _aHEADLEASE | ||
| 650 | _aRENT FREE PERIODS | ||
| 650 | _aRENT REVIEWS | ||
| 650 | _aSTRAIGHT LINE DEPRECIATION | ||
| 690 | _aLANDLORD AND TENANT-RENT REVIEWS | ||
| 942 | _n0 | ||
| 948 | _c23/06/1998 | ||
| 999 |
_c54753 _d54753 |
||